Cristo, centro de la historia, en la obra cristológica de Marcello Bordoni y Olegario González de Cardedal / (Record n. 13205)

Dettagli MARC
000 -LEADER
fixed length control field 01049nam a2200265 i 4500
003 - CONTROL NUMBER IDENTIFIER
control field IT-RoINE
005 - DATE AND TIME OF LATEST TRANSACTION
control field 20190109063123.0
008 - FIXED-LENGTH DATA ELEMENTS--GENERAL INFORMATION
fixed length control field 141103s2014 sp |r|||| 000 | spa d
020 ## - INTERNATIONAL STANDARD BOOK NUMBER
International Standard Book Number 9788472996755
040 ## - CATALOGING SOURCE
Original cataloging agency SpMaBN
Transcribing agency SpMaBN
Modifying agency IT-RoINE
100 1# - MAIN ENTRY--PERSONAL NAME
Personal name Varela Vázquez, David
9 (RLIN) 26822
245 10 - TITLE STATEMENT
Title Cristo, centro de la historia, en la obra cristológica de Marcello Bordoni y Olegario González de Cardedal /
Statement of responsibility, etc David Varela Vázquez.
260 ## - PUBLICATION, DISTRIBUTION, ETC. (IMPRINT)
Place of publication, distribution, etc Salamanca :
Name of publisher, distributor, etc Publicaciones Universidad Pontificia,
Date of publication, distribution, etc 2014.
300 ## - PHYSICAL DESCRIPTION
Extent 397 p. ;
Dimensions 24 cm.
336 ## - CONTENT TYPE
Content type term Texto (visual)
Source isbdcontent
337 ## - MEDIA TYPE
Source rdamedia
Media type term unmediated
338 ## - CARRIER TYPE
Source rdacarrier
Carrier type term volume
490 1# - SERIES STATEMENT
Series statement Bibliotheca Salmanticensis.
-- Estudios ;
Volume number/sequential designation 349
504 ## - BIBLIOGRAPHY, ETC. NOTE
Bibliography, etc Bibliografía: p. [387]-397.
600 14 - SUBJECT ADDED ENTRY--PERSONAL NAME
Personal name Bordoni, Marcello,
Dates associated with a name 1930-2013
9 (RLIN) 26823
General subdivision Crítica e interpretación
600 14 - SUBJECT ADDED ENTRY--PERSONAL NAME
Personal name González de Cardedal, Olegario,
Dates associated with a name 1934-
9 (RLIN) 2965
General subdivision Crítica e interpretación
650 #4 - SUBJECT ADDED ENTRY--TOPICAL TERM
9 (RLIN) 1495
Topical term or geographic name as entry element Cristología
830 #0 - SERIES ADDED ENTRY--UNIFORM TITLE
9 (RLIN) 3087
Uniform title Bibliotheca Salmanticensis.
Name of part/section of a work Estudios ;
Volume number/sequential designation 349
942 ## - ADDED ENTRY ELEMENTS (KOHA)
Item type Monografías
Dati di copia
Withdrawn status Lost status Damaged status Not for loan Home library Current library Date acquired Total Checkouts Full call number Barcode Date last seen Price effective from Koha item type
        Iglesia Nacional Española en Roma Iglesia Nacional Española en Roma 13/10/2016   COL.A 40.349 29571 13/10/2016 13/10/2016 Monografías